Önemli not ! (Record no. 4462)

MARC details
000 -BAŞLIK
Sabit Uzunlukta Kontrol Alanı 00811na a2200265 4500
001 - KONTROL NUMARASI
Denetim Alanı 14307
003 - KONTROL NUMARASI IDENTIFIER
Denetim Alanı MIRAKIL
005 - SON İŞLEM TARİHİ VE ZAMANI
Denetim Alanı 20181213155006.0
008 - SABİT-BOY VERİ ELEMANLARI - GENEL BİLGİLER
Sabit Uzunlukta Kontrol Alanı 170510b tu 000 0
020 ## - ULUSLARARASI STANDART KİTAP NUMARASI
Uluslararası Standart Kitap Numarası 9752893733
035 ## - SİSTEM KONTROL NUMARASI
Sistem Kontrol Numarası 14307
040 ## - KATALOGLAMA KAYNAK
Orijinal Kataloglama Ajansı Milas
Kataloglama Dili tur
Metne Dönüştürmek Ajansı TR-AnCHP
041 ## - DİL KODU
Metin / Ses Parça Veya Ayrı Başlığın Dil Kodu tur
082 ## - DEWEY ONLU SINIFLANDIRMA NUMARASI
Sınıflandırma Numarası 813.42
Ürün Numarası O63ö 2007
090 ## - SINIFLAMA NUMARASI
Sınıflama Numarası 813.42 O63ö 2007
100 ## - ANA GİRİŞ - KİŞİSEL İSİM
Kişisel Ad Orhan Kemal
245 ## - BAŞLIK TABLOSU
Başlık Önemli not !
Başlığın Kalan Tamamlanmamış yapıtlar ve seçilmiş düzyazılar
Sorumluluk Tablosu, Vb Orhan Kemal ; yayına hazırlayan: Işık Öğütçü
246 ## - UNVAN FORM VARYING
Başlık Doğru / Kısa Başlığı Tamamlanmamış yapıtlar ve seçilmiş düzyazılar
260 ## - YAYIN, DAĞITIM, VB
Yayın, Dağıtım, Vb Yeri İstanbul
Yayıncı, Dağıtıcı, Vs Adı Everest yayınları
Yayın, Dağıtım, Vb Tarihi 2007
300 ## - FİZİKSEL TANIM
Kapsam 356 s.
Boyutlar 20 sm.
490 ## - SERİSİ TABLOSU
Seri Beyanı Everest
Hacim / Ardışık Tanımı 455
650 ## - KONU KATMA GİRİŞ - TOPİKAL DÖNEM
Topikal Süreli Veya Coğrafi Ad Giriş Elemanı Türk edebiyatı
Genel Alt Bölümü Çeşitli yazılar
700 ## - KATMA GİRİŞ - KİŞİSEL İSİM
Kişisel Ad Öğütçü, Işık
942 ## - EKLENDİ GİRİŞ ELEMANLARI (KOHA)
Sınıflandırma Veya Raf Düzeni Kaynak Dewey Decimal Classification
Koha Öğesi Türü Books
999 ## - SİSTEM KONTROL NUMARALARI (KOHA)
Koha Biblionumber 4462
Koha Biblioitemnumber 4462
Holdings
Kalıcı Konum Mevcut Konum Edinme Tarihi Edinim Kaynak Toplam Check-Out'Lar Tam Çağrı Numarası Barkod Tarih Son Görülme İtibaren Geçerli Fiyatlar Koha Öğesi Türü
CHP Kütüphanesi CHP Kütüphanesi 08/26/2016 Bağış   813.42 O63ö 2007 001080 08/26/2016 08/26/2016 Books